CompTIA Security+ 14 - Statistics

General Stats
  • This quiz has been taken 2 times
  • The average score is 5 of 22
Answer Stats
Hint Answer % Correct
SSH Secure Shell
100%
SSO Single Sign-on
100%
SSL Secure Sockets Layer
50%
SOC Security Operations Center
50%
SNMP Simple Network Management Protocol
50%
SQLi SQL Injection
50%
SQL Structured Query Language
50%
TCP/IP Transmission Control Protocol/ Internet Protocol
50%
SRTP Secure Real-time Transport Protocol
0%
SWG Secure Web Gateway
0%
SOAR Security Orchestration, Automation, Response
0%
SPF Sender Policy Framework
0%
SSID Service Set Identifier
0%
STP Shielded Twisted Pair
0%
SOAP Simple Object Access Protocol
0%
SSD Solid State Disk
0%
SPIM Spam over Instant Messaging
0%
STIX Structured Threat Information eXpression
0%
SoC System on a Chip
0%
TACACS+ Terminal Access Controller Access Control System
0%
TGT Ticket Granting System
0%
TAXII Trusted Automated eXchange of Intelligence Information
0%
No matching quizzes found
Score Distribution
Percent of People with Each Score
Percentile by Number Answered
Your Score History
You have not taken this quiz